000 00192 a2200097 4500
020 _a9789992261491
041 _aspa
100 _aMARCO ANTONIO FLORES
245 _a
942 _cBK
999 _c4471
_d4471